<?xml version="1.0" encoding="UTF-8"?><?xml-stylesheet type="text/xsl" href="static/style.xsl"?><OAI-PMH xmlns="http://www.openarchives.org/OAI/2.0/" xmlns:xsi="http://www.w3.org/2001/XMLSchema-instance" xsi:schemaLocation="http://www.openarchives.org/OAI/2.0/ http://www.openarchives.org/OAI/2.0/OAI-PMH.xsd"><responseDate>2026-06-01T23:27:17Z</responseDate><request verb="GetRecord" identifier="oai:riuma.uma.es:10630/27975" metadataPrefix="marc">https://riuma.uma.es/rest/oai/request</request><GetRecord><record><header><identifier>oai:riuma.uma.es:10630/27975</identifier><datestamp>2026-02-03T11:58:34Z</datestamp><setSpec>com_10630_2254</setSpec><setSpec>col_10630_37959</setSpec></header><metadata><record xmlns="http://www.loc.gov/MARC21/slim" xmlns:dcterms="http://purl.org/dc/terms/" xmlns:doc="http://www.lyncode.com/xoai" xmlns:xsi="http://www.w3.org/2001/XMLSchema-instance" xsi:schemaLocation="http://www.loc.gov/MARC21/slim http://www.loc.gov/standards/marcxml/schema/MARC21slim.xsd">
   <leader>00925njm 22002777a 4500</leader>
   <datafield ind2=" " ind1=" " tag="042">
      <subfield code="a">dc</subfield>
   </datafield>
   <datafield ind2=" " ind1=" " tag="720">
      <subfield code="a">Guerrero-Salazar, Susana</subfield>
      <subfield code="e">author</subfield>
   </datafield>
   <datafield ind2=" " ind1=" " tag="260">
      <subfield code="c">2023</subfield>
   </datafield>
   <datafield ind2=" " ind1=" " tag="520">
      <subfield code="a">El lenguaje inclusivo es un fenómeno en construcción que ha recibido distintas denominaciones: lenguaje no sexista, lenguaje igualitario, lenguaje de género, etc. Su debate es internacional, pues el feminismo ha movido las estructurales patriarcales en todos los territorios y culturas, aunque a distinto ritmo. En los países de habla hispana este debate está muy presente tanto en educación, como en política, medios de comunicación, redes sociales…). La siguiente mesa recoge diversas comunicaciones sobre investigación e innovación educativa en este sentido, amparadas bajo el Grupo Permanente de Innovación Educativa sobre Lenguaje Inclusivo de Género de la Universidad de Málaga (PIE22-078). Los objetivos de esta mesa son los siguientes: 1. Dar a conocer diversos proyectos relacionados con el lenguaje inclusivo y mostrar algunos recursos digitales, como la Hemeroteca DISMUPREN y la bibliografía específica sobre mujer y lenguaje (https://dismupren.com/biblioteca-virtual/hemeroteca/). 2. Hacer un análisis comparativo de diferentes guías de uso no sexista de la lengua española publicadas en distintos países. 3. Analizar las actitudes lingüísticas del alumnado universitario sobre el lenguaje inclusivo y contrastar los resultados en distintos países. 4. Presentar propuestas de uso de lenguaje inclusivo que, alejadas de los debates ideológicos, tratan de conjugar un uso igualitario del lenguaje con un uso normativo.</subfield>
   </datafield>
   <datafield ind1="8" ind2=" " tag="024">
      <subfield code="a">https://hdl.handle.net/10630/27975</subfield>
   </datafield>
   <datafield tag="653" ind2=" " ind1=" ">
      <subfield code="a">Sociolingüística</subfield>
   </datafield>
   <datafield tag="653" ind2=" " ind1=" ">
      <subfield code="a">Igualdad de género - Lenguaje</subfield>
   </datafield>
   <datafield ind2="0" ind1="0" tag="245">
      <subfield code="a">El lenguaje inclusivo: una realidad que traspasa fronteras.</subfield>
   </datafield>
</record>
</metadata></record></GetRecord></OAI-PMH>